000 00679nam a2200253Ia 4500
003 OSt
005 20221006145448.0
006 a|||||r|||| 00| 0
007 ta
008 221006b |||||||| |||| 00| 0 eng d
024 _a14,902
037 _bGift,
_cTextual
040 _aEASL
_cEASL
_beng
041 _2eng
_aeng
082 _aO41,3N10, M0;1
100 _aQIANG Wu Au.
_9654528
245 0 _aRed Sun
260 _aBeijing
_bForeign Languages Press
_c1980
300 _a667p.
_ccm.
490 _v CEL
700 _a BARNES A.C Tr.
_9654529
942 _hO41,3N10, M0;1
_cTEXL
_2CC
999 _c1082988
_d1082988